| 000 | 00604nam a2200241 a 4500 | ||
|---|---|---|---|
| 001 | nice12345678 | ||
| 003 | IN_TiNIC | ||
| 005 | 20260116011354.0 | ||
| 008 | 050524s0000 dela grp 000 0 urd | ||
| 020 |
_a _c100 |
||
| 082 | 0 | 0 |
_a954.0223 _bBAQ |
| 100 | _aBaqai, Aziz Hasan | ||
| 245 | _aSultan Mahmood Ghaznavi | ||
| 260 |
_aDelhi _bMaktaba Darul Furqan _c0000 |
||
| 300 | _a191p | ||
| 500 | _aincludes index and biblioraphy | ||
| 505 | 2 | _ascn book club study project.3 | |
| 650 | _aIndia-History Ghazni | ||
| 700 | 1 | _aBaqai, Aziz Hasan | |
| 902 | _bSRS | ||
| 942 | _cBK | ||
| 999 |
_c942 _d942 |
||